000 01733nam a22003497a 4500
001 101164
003 KnowledgeUnlatched
005 20210303105145.0
006 m o d
007 cr u||||||||||
008 210129p20162019gw o u00| u eng d
037 _5BiblioBoard
245 0 0 _aImperial Overstretch: Germany in Soviet Policy from Stalin to Gorbachev
_bAn Analysis Based on New Archival Evidence, Memoirs, and Interviews /
_cHannes Adomeit.
020 _a9783848724529
029 1 _ahttps://library.biblioboard.com/ext/api/media/d84ca148-843b-429b-b949-c9287c1cc271/assets/thumbnail.jpg
040 _aScCtBLL
_cScCtBLL
100 1 _aAdomeit, Hannes
_eauthor.
264 1 _bNomos Verlagsgesellschaft mbH & Co.- KG,
300 _a1 online resource (762 p.)
506 0 _aAccess copy available to the general public.
_fUnrestricted
_2star
520 _aThe book is an analysis of the rise and fall of the Soviet empire in what, during the Cold War, was called ‘Eastern Europe'. Its central focus is the role played by the German problem in that process.
588 0 _aDescription based on print version record.
590 _aKU Select 2017: Backlist Collection
650 7 _aPolitical Science / World / European
_2bisacsh
650 0 _aPolitical science
655 0 _aElectronic books.
758 _iIs found in:
_aKnowledge Unlatched
_1https://openresearchlibrary.org/module/2774bc74-146a-484f-a7ba-ab1d6a09bbfb
856 4 0 _uhttps://openresearchlibrary.org/content/d84ca148-843b-429b-b949-c9287c1cc271
_zView this content on Open Research Library.
_70
999 _c33792
_d33792